A history of Greek religion / (Record no. 31869)
[ view plain ]
| 000 -LEADER | |
|---|---|
| fixed length control field | 00962cam a22003011 4500 |
| 001 - CONTROL NUMBER | |
| control field | 31869 |
| 003 - CONTROL NUMBER IDENTIFIER | |
| rucl marc code | BD-RjUL |
| 005 - DATE AND TIME OF LATEST TRANSACTION | |
| control field | 20211209051747.0 |
| 008 - FIXED-LENGTH DATA ELEMENTS--GENERAL INFORMATION | |
| fixed length control field | 140422s1952 enk b 001 0 eng d |
| 035 ## - SYSTEM CONTROL NUMBER | |
| System control number | (BD-RjUL)31957 |
| System control number | (OCoLC)4452076 |
| 040 ## - CATALOGING SOURCE | |
| Original cataloging agency | DLC |
| Transcribing agency | InU |
| Modifying agency | OCoLC |
| -- | DLC |
| -- | BD-RjUL |
| Language of cataloging | eng |
| 041 1# - LANGUAGE CODE | |
| Language code of text/sound track or separate title | engswe |
| 082 00 - DEWEY DECIMAL CLASSIFICATION NUMBER | |
| Classification number | 292 |
| Author mark and year | NIH 1952 |
| 100 1# - MAIN ENTRY--PERSONAL NAME | |
| Personal name | Nilsson, Martin P. |
| Fuller form of name | (Martin Persson), |
| Dates associated with a name | 1874-1967. |
| 9 (RLIN) | 97019 |
| 245 12 - TITLE STATEMENT | |
| Title | A history of Greek religion / |
| Statement of responsibility, etc. | by Martin P. Nilsson. |
| 250 ## - EDITION STATEMENT | |
| Edition statement | 2d ed. |
| 260 ## - PUBLICATION, DISTRIBUTION, ETC. (IMPRINT) | |
| Place of publication, distribution, etc. | London : |
| Name of publisher, distributor, etc. | At the Clarendon Press, |
| Date of publication, distribution, etc. | 1952. |
| 300 ## - PHYSICAL DESCRIPTION | |
| Pagination | 316 p. ; |
| Size | 20 cm. |
| 490 0# - SERIES STATEMENT | |
| Series statement | The Norton library, |
| Volume/sequential designation | N287 |
| 504 ## - BIBLIOGRAPHY, ETC. NOTE | |
| Bibliography, etc | Bibliographical references included in "Notes and corrections" (p. [305]-309) and Index |
| 650 #0 - SUBJECT ADDED ENTRY--TOPICAL TERM | |
| Topical term or geographic name as entry element | Mythology, Greek. |
| 9 (RLIN) | 97020 |
| 651 #0 - SUBJECT ADDED ENTRY--GEOGRAPHIC NAME | |
| Geographic name | Greece |
| General subdivision | Religion. |
| 9 (RLIN) | 93576 |
| Geographic name | Crete (Greece) |
| General subdivision | Antiquities. |
| 9 (RLIN) | 66201 |
| 942 ## - ADDED ENTRY ELEMENTS (KOHA) | |
| Source of classification or shelving scheme | Dewey Decimal Classification |
| Koha item type | Books |
| Lost status | Source of classification or shelving scheme | Damaged status | Not for loan | Collection code | Permanent Location | Current Location | Shelving location | Date acquired | Source of acquisition | Cost, normal purchase price | Total Checkouts | Full call number | Date last seen | Copy number | Koha item type |
|---|---|---|---|---|---|---|---|---|---|---|---|---|---|---|---|
| Dewey Decimal Classification | Non-fiction | Central Library, University of Rajshahi | Central Library, University of Rajshahi | 08/08/1956 | O. U. P. | 9.00 | 292 NIH 1952 | 22/04/2014 | C-1 | Books |